| 000 | 00385 a2200157 4500 | ||
|---|---|---|---|
| 005 | 20260129170012.0 | ||
| 020 | _a978-9353062033 | ||
| 040 | _bEng | ||
| 082 | _a004.43(J) DEI | ||
| 100 |
_aDeitel, Paul. Deitel, Harvey. _93912 |
||
| 245 | _aJava How to Program: Early Objects | ||
| 250 | _a11th ed. | ||
| 260 |
_aIndia: _b Pearson Education, _c2018. |
||
| 300 | _a1286p; | ||
| 942 | _cBK | ||
| 999 |
_c5566 _d5561 |
||